UBT Library

Essentials of pediatric nursing ; (Record no. 1486)

000 -LEADER
fixed length control field 00309nam a22001217a 4500
008 - FIXED-LENGTH DATA ELEMENTS--GENERAL INFORMATION
fixed length control field 160421b xxu||||| |||| 00| 0 eng d
020 ## - INTERNATIONAL STANDARD BOOK NUMBER
International Standard Book Number 9780323025935
020 ## - INTERNATIONAL STANDARD BOOK NUMBER
International Standard Book Number 139780323025935
041 ## - LANGUAGE CODE
Language code of text/sound track or separate title eng
080 ## - UNIVERSAL DECIMAL CLASSIFICATION NUMBER
Universal Decimal Classification number 618.2
245 ## - TITLE STATEMENT
Title Essentials of pediatric nursing ;
Statement of responsibility, etc Marilyn J. Hockenberry;
942 ## - ADDED ENTRY ELEMENTS (KOHA)
Source of classification or shelving scheme
Item type Books
Holdings
Withdrawn status Lost status Damaged status Not for loan Date acquired Total Checkouts Date last seen Price effective from Koha item type Source of classification or shelving scheme Collection code Permanent location Current location Shelving location Full call number Barcode
        04/21/2016   04/21/2016 04/21/2016 Books              
        04/21/2016   04/21/2016 04/21/2016 Books              
        06/02/2021   06/02/2021 06/02/2021 Books   Koleksioni i përgjithshem UBT - Lipjan UBT - Lipjan Koleksioni i përgjithshem 616-053.2 HOC 002-7003507
UBT Library © 2015-2024. All rights reserved University Education for Business and Technology